• 首页
  • 本馆介绍
  • 公告通知
  • 最新文献
  • 馆藏检索
  • 电子资源
  • 读者导购
  • 参考咨询
  • 我的图书馆
  • 登录
  • 详细信息显示
  • 放入我的书架
  • 预约/预借图书
  • 作者相关作品
  • 分类相关作品
  • 丛书相关作品
  • 出版社相关作品

书目信息

  • 表格格式
  • 工作单格式
  • 卡片格式
题名:
古代战纪选
    
 
作者: 周振甫 注
分册:  
出版信息: 南京   江苏教育出版社  2005
页数: 150页
开本: 23cm
丛书名: 周振甫译注别集
单 册:
中图分类: E291
科图分类:
主题词: 战争史--中国--古代--史料
电子资源:
ISBN: 7-5343-7069-8
000 01187nam0 2200337 450
000 01150nam0 2200325 450
000 01149nam0 2200337 450
000 01095nam0 2200313 450
000 01080nam0 2200301 450
000 01043nam0 2200289 45
001 000087
005 20061210153437.25
009 012004016359
010    @a7-5343-7069-8@dCNY14.80
100    @a20060829d2005 kemy0chiy0121 ea
101 0  @achi
102    @aCN@b320000
105    @ay z 000yy
200 1  @a古代战纪选@AGu Dai Zhan Ji Xuan@f周振甫注@FZhou Zhen Fu Zhu
210    @a南京@c江苏教育出版社@d2005
215    @a150页@d23cm
225 2  @a周振甫译注别集@Azhou zhen fu yi zhu bie ji
330    @a本书作者从《左传》、《史记》、《资治通鉴》中精选出11篇描绘经典战争的文章,如肥水之战、城濮之战等,对这些文章进行文字注释,并对当时的形势和交战双方的胜负原因作了剖析。
410  0 @12001 @a周振甫译注别集
606 0  @a战争史@y中国@z古代@x史料
690    @aE291@v4
701  0 @a周振甫@AZhou Zhen Fu@4注
801  0 @aCN@b中图数据@c20061210
905    @a10447@dE291@e58
    
    古代战纪选/周振甫注.-南京:江苏教育出版社,2005
    150页;23cm.-(周振甫译注别集)
    
    
    ISBN 7-5343-7069-8:CNY14.80
    本书作者从《左传》、《史记》、《资治通鉴》中精选出11篇描绘经典战争的文章,如肥水之战、城濮之战等,对这些文章进行文字注释,并对当时的形势和交战双方的胜负原因作了剖析。
●
相关链接 在E读中查询图书 在五车中查询图书 在当当中查询图书 在豆瓣中查询图书


正题名:古代战纪选     索取号:E291/58         预约/预借

序号 登录号 条形码 馆藏地/架位号 状态 备注
1 0600471   206004713   第一样本阅览室/ [索取号:E291/58] 在馆    
2 0600472   206004722   第一借阅区/ [索取号:E291/58] 在馆    
唐山师范学院图书馆 欢迎您!
大连网信软件有限公司© 版权所有